000 00450nam a2200145Ia 4500
003 OSt
005 20260227112422.0
008 211028s2019 xx 000 0 und d
040 _cAIMIT LIBRARY
041 _aeng
100 _aStephen, Steny;Dhananjaya K
_g1716195
_98169
245 _aA study on effectiveness of performance appraisal system followed by keltron component complex ltd /
260 _aMangalore
_bHarinakshi
_c2019
942 _2ddc
_cPRO
999 _c219737
_d219737